[Event "2.Open A Magistrale Città di Padova"]
[Site "Padova Caffè Pedrocchi"]
[Date "1999.12.15"]
[Round "5.12"]
[White "Joksic, Sinisa"]
[Black "Van Hoolandt, Patrick"]
[Result "1-0"]
[WhiteElo "2288"]
[BlackElo "2050"]
[Annotator "Gabriele Ballarin"]
[PlyCount "125"]
[EventDate "1999.12.12"]
[EventType "swiss"]
[EventRounds "9"]
[EventCountry "ITA"]

1. d4 g6 2. e4 d6 3. c4 Bg7 4. Nc3 Nc6 5. Be3 e5 6. Nge2 Nh6 7. f3 f5 8. d5 Ne7 9. Qd2 Nf7 10. O-O-O O-O 11. Kb1 c5 12. dxc6 bxc6 13. c5 fxe4 14. fxe4 d5 15. exd5 Bf5+ 16. Ka1 cxd5 17. Nxd5 Nxd5 18. Qxd5 Be6 19. Qxd8 Raxd8 20. Rxd8 Rxd8 21. Nc3 Nh6 22. Ba6 Nf5 23. Bg5 Rd4 24. Rd1 h6 25. Bc1 Bf8 26. Rxd4 Nxd4 27. Bd3 Bxc5 28. Bxg6 Kg7 29. Be4 Bb4 30. Kb1 h5 31. a3 Bd6 32. b4 Bc4 33. Kb2 Bc7 34. Nd1 Ne2 35. Bg5 Nf4 36. Ne3 Be2 37. Be7 Kf7 38. Bc5 a6 39. Kc3 Ke6 40. Nf5 Kf7 41. g3 Ne6 42. Nd6+ Bxd6 43. Bxd6 Ng5 44. Bd5+ Kf6 45. a4 Nf3 46. h4 Nd4 47. Bc5 Nf5 48. Bf2 Nd6 49. Kd2 Bf1 50. Bf3 Kg6 51. Bd1 Bc4 52. Ke1 Bd5 53. Be2 Bc6 54. Bc5 Nf5 55. Kf2 Bxa4 56. Bxa6 Nd4 57. Bxd4 exd4 58. b5 d3 59. Ke3 Kf5 60. b6 Bc6 61. Bxd3+ Kg4 62. Kf2 Bg2 63. Bf5+ 1-0

[Event "2.Open A Magistrale Città di Padova"]
[Site "Padova Caffè Pedrocchi"]
[Date "1999.12.15"]
[Round "5.15"]
[White "Caruso, Augusto"]
[Black "Zinani, Alessandro"]
[Result "1-0"]
[WhiteElo "2219"]
[BlackElo "2222"]
[Annotator "Gabriele Ballarin"]
[PlyCount "83"]
[EventDate "1999.12.12"]
[EventType "swiss"]
[EventRounds "9"]
[EventCountry "ITA"]

1. e4 e5 2. Bc4 Nf6 3. d3 Nc6 4. Nc3 Be7 5. f4 d6 6. Nf3 O-O 7. O-O Na5 8. Bb3 Nxb3 9. axb3 c6 10. f5 Qc7 11. Bg5 Ng4 12. Qd2 f6 13. Bh4 b5 14. h3 Nh6 15. g4 Nf7 16. Bf2 a6 17. h4 h6 18. Be3 Bb7 19. g5 fxg5 20. hxg5 Nxg5 21. Nxg5 Bxg5 22. Bxg5 hxg5 23. Qxg5 Qd8 24. Qg4 Rf6 25. Kf2 d5 26. Rg1 Qd7 27. Rg3 c5 28. Rag1 Rf7 29. Ke1 dxe4 30. Nxe4 Bxe4 31. Qxe4 Raf8 32. Rg5 Qd4 33. Qxd4 exd4 34. f6 Rxf6 35. Rxg7+ Kh8 36. R7g5 Rh6 37. Rxc5 Rh2 38. Kd1 Rff2 39. Kc1 {...} a5 40. Kd1 a4 41. bxa4 bxa4 42. Rc4 1-0

[Event "2.Open A Magistrale Città di Padova"]
[Site "Padova Caffè Pedrocchi"]
[Date "1999.12.16"]
[Round "6.6"]
[White "Naumkin, Igor"]
[Black "Joksic, Sinisa"]
[Result "1-0"]
[WhiteElo "2489"]
[BlackElo "2288"]
[Annotator "Gabriele Ballarin"]
[PlyCount "87"]
[EventDate "1999.12.12"]
[EventType "swiss"]
[EventRounds "9"]
[EventCountry "ITA"]

1. d4 Nf6 2. Nf3 g6 3. c4 Bg7 4. Nc3 c5 5. d5 O-O 6. e4 d6 7. Be2 e5 8. O-O Na6 9. a3 Nh5 10. g3 Bh3 11. Re1 h6 12. Kh1 Nf6 13. Ng1 Bc8 14. f4 exf4 15. gxf4 Re8 16. Bf3 Nh7 17. Bd2 f5 18. Nge2 fxe4 19. Nxe4 Bxb2 20. Rg1 Bf5 21. N2g3 Qd7 22. Nxd6 Kh8 23. Ngxf5 gxf5 24. Nxe8 Rxe8 25. Qb3 Bf6 26. Bc3 Qf7 27. d6 Nb8 28. Bxb7 Nd7 29. Bd5 Qf8 30. Rg8+ Qxg8 31. Bxg8 Kxg8 32. Rg1+ Kf7 33. Qb7 Nhf8 34. Bxf6 Kxf6 35. Qxa7 Re4 36. a4 Rxf4 37. a5 Rxc4 38. a6 Ra4 39. Qa8 c4 40. Qe8 f4 41. Qe4 f3 42. Qxf3+ Ke6 43. Re1+ Kxd6 44. Qd1+ 1-0

[Event "2.Open A Magistrale Città di Padova"]
[Site "Padova Caffè Pedrocchi"]
[Date "1999.12.16"]
[Round "6.11"]
[White "Rossato, Armando"]
[Black "Colovic, Aleksandar"]
[Result "0-1"]
[WhiteElo "2219"]
[BlackElo "2423"]
[Annotator "Gabriele Ballarin"]
[PlyCount "90"]
[EventDate "1999.12.12"]
[EventType "swiss"]
[EventRounds "9"]
[EventCountry "ITA"]

1. d4 Nf6 2. Nf3 g6 3. c4 Bg7 4. Nc3 d5 5. Bf4 O-O 6. e3 c5 7. dxc5 Qa5 8. Nd2 Ne4 9. Nxd5 Bxb2 10. Rb1 Bc3 11. Nxc3 Nxc3 12. Nb3 Qa4 13. Qc2 Nxb1 14. Qxb1 Nc6 15. f3 Qb4+ 16. Kf2 e5 17. Bg5 f6 18. Bh6 Rd8 19. Bd3 Ne7 20. g4 Qc3 21. Be4 Qxc4 22. c6 bxc6 23. Rc1 Qf7 24. Nc5 Be6 25. Nxe6 Qxe6 26. Bc2 Qd6 27. Rd1 Qc5 28. Qb3+ Nd5 29. Qb7 Qe7 30. Qxc6 Rac8 31. Qa4 Kh8 32. Bb3 Nb6 33. Rxd8+ Rxd8 34. Qa5 Qd7 35. e4 g5 36. h4 Qd4+ 37. Ke2 Qd3+ 38. Kf2 Qd4+ 39. Ke2 Nc4 40. Qxd8+ Qxd8 41. Bxc4 Qd4 42. Bd5 Qb2+ 43. Ke3 gxh4 44. f4 h3 45. fxe5 Qc1+ 0-1

[Event "60.Camp. Veneto Quarti di Finale"]
[Site "Venezia"]
[Date "2000.05.27"]
[Round "1.1"]
[White "Roberti, Ignazio"]
[Black "Rosino, Antonio"]
[Result "0-1"]
[WhiteElo "1646"]
[BlackElo "2275"]
[Annotator "Gabriele Ballarin"]
[PlyCount "84"]
[EventDate "2000.05.27"]
[EventType "swiss"]
[EventRounds "6"]
[EventCountry "ITA"]

1. e4 e5 2. Nf3 Nc6 3. Bb5 a6 4. Ba4 d6 5. c3 f5 6. d3 Nf6 7. Nbd2 Be7 8. O-O O-O 9. Re1 Qe8 10. Nf1 fxe4 11. dxe4 Nh5 12. Ng5 Bxg5 13. Bb3+ Kh8 14. Bxg5 Qg6 15. Bc1 Bg4 16. Qd2 Nf4 17. Ng3 h5 18. Bd1 h4 19. f3 Bxf3 20. Bxf3 hxg3 21. hxg3 Qxg3 22. Rf1 Rf6 23. Qe1 Qg6 24. Qh4+ Kg8 25. Be3 Raf8 26. Rae1 Qf7 27. b3 Rh6 28. Qg3 Qf6 29. Bg4 Rg6 30. Bxf4 exf4 31. Qh3 Ne5 32. Bf5 Rh6 33. Be6+ Qxe6 34. Qxe6+ Rxe6 35. Re2 g5 36. Rd1 g4 37. Rd5 Kg7 38. Kf1 Rh6 39. Kg1 Rfh8 40. Re1 g3 41. Kf1 Rh1+ 42. Ke2 f3+ 0-1

[Event "60.Camp. Veneto Quarti di Finale"]
[Site "Venezia"]
[Date "2000.05.27"]
[Round "1.2"]
[White "Ventura, Boris"]
[Black "Ballarin, Gabriele"]
[Result "1-0"]
[WhiteElo "2086"]
[BlackElo "1618"]
[Annotator "Gabriele Ballarin"]
[PlyCount "85"]
[EventDate "2000.05.27"]
[EventType "swiss"]
[EventRounds "6"]
[EventCountry "ITA"]
[SourceTitle "Ballarin Gabriele"]
[Source "Ballarin Gabrie"]
[SourceDate "2001.01.01"]
[SourceVersion "1"]
[SourceVersionDate "2001.01.01"]
[SourceQuality "1"]

1. e4 c5 2. Nf3 Nc6 3. d4 cxd4 4. Nxd4 e5 5. Nb5 a6 6. Nd6+ Bxd6 7. Qxd6 Qf6 8. Qa3 Nge7 9. Nc3 Rb8 10. Be3 b5 11. Nd5 Nxd5 12. exd5 Ne7 13. c4 O-O 14. Bc5 Re8 15. Bd6 Rb6 16. c5 Rxd6 17. cxd6 Nxd5 18. g3 b4 19. Qb3 Bb7 20. Bg2 e4 21. O-O Qxd6 22. Rfe1 Nf6 23. Rad1 Qb6 24. Qe3 Qxe3 25. Rxe3 Bc6 26. a3 b3 27. Rd6 Rb8 28. f3 exf3 29. Bxf3 Bxf3 30. Rxf3 a5 31. Ra6 d5 32. Rxb3 Rd8 33. Rxa5 Kf8 34. Ra7 Ke8 35. Rd3 Ne4 36. b4 d4 37. Rc7 Nc3 38. Rc4 Ra8 39. Kf1 Rxa3 40. Rcxd4 Ra1+ 41. Kg2 Ra2+ 42. Kh3 Nb5 43. Re3+ 1-0

[Event "60.Camp. Veneto Quarti di Finale"]
[Site "Venezia"]
[Date "2000.05.27"]
[Round "1.4"]
[White "Zotti, Enrico"]
[Black "Pomaro, Stefano"]
[Result "1/2-1/2"]
[WhiteElo "1700"]
[BlackElo "1572"]
[Annotator "Gabriele Ballarin"]
[PlyCount "80"]
[EventDate "2000.05.27"]
[EventType "swiss"]
[EventRounds "6"]
[EventCountry "ITA"]
[SourceTitle "Inf 04"]

1. e4 c6 2. d4 d5 3. Nc3 dxe4 4. Nxe4 Nf6 5. Ng3 e5 6. Nf3 e4 7. Ne5 Nbd7 8. Nxd7 Bxd7 9. Bc4 Bg4 10. Qd2 Bd6 11. Qe3 O-O 12. h3 Bd7 13. O-O Re8 14. Qb3 Be6 15. Bxe6 Rxe6 16. Nf5 Qb6 17. Qxb6 axb6 18. c4 Bc7 19. Rd1 Ra5 20. Ne3 Rd6 21. b3 Ra8 22. Bb2 Rad8 23. d5 cxd5 24. Bxf6 Rxf6 25. Rxd5 Rfd6 26. Rad1 g6 27. Rxd6 Rxd6 28. Rxd6 Bxd6 29. Nd5 Bc5 30. b4 Bd4 31. h4 f5 32. g4 Kf7 33. gxf5 gxf5 34. Kf1 Ke6 35. Ke2 Ke5 36. f3 h5 37. fxe4 fxe4 38. Kd2 Bg1 39. Ke2 Bd4 40. Kd2 Bg1 1/2-1/2

[Event "60.Camp. Veneto Quarti di Finale"]
[Site "Venezia"]
[Date "2000.05.28"]
[Round "2.2"]
[White "Cosma, Bruno"]
[Black "Ventura, Boris"]
[Result "0-1"]
[WhiteElo "1542"]
[BlackElo "2130"]
[Annotator "Gabriele Ballarin"]
[PlyCount "70"]
[EventDate "2000.05.27"]
[EventType "swiss"]
[EventRounds "6"]
[EventCountry "ITA"]
[SourceTitle "Inf 04"]

1. Nf3 Nf6 2. d4 d6 3. Bf4 g6 4. h3 Bg7 5. e3 O-O 6. Bd3 Nfd7 7. c3 e5 8. dxe5 dxe5 9. Bg3 Qe7 10. Bc4 Nb6 11. Bb3 Be6 12. O-O Nc6 13. Nbd2 a5 14. Bh4 f6 15. Bxe6+ Qxe6 16. Qb3 Nd8 17. Rad1 a4 18. Qxe6+ Nxe6 19. Bg3 Rae8 20. b3 Nc5 21. b4 Nd3 22. Ne4 f5 23. Nc5 Nxc5 24. bxc5 Nc4 25. Rd7 f4 26. exf4 exf4 27. Bh4 Re2 28. Rfd1 Rxa2 29. Rxc7 a3 30. Rdd7 Bxc3 31. Rxb7 Rb2 32. Ra7 a2 33. Kh2 Na5 34. Be7 a1=Q 35. Bxf8 Rb1 0-1

[Event "60.Camp. Veneto Quarti di Finale"]
[Site "Venezia"]
[Date "2000.05.28"]
[Round "2.3"]
[White "Marson, Luca"]
[Black "Zotti, Enrico"]
[Result "1-0"]
[WhiteElo "1650"]
[BlackElo "1700"]
[Annotator "Gabriele Ballarin"]
[PlyCount "99"]
[EventDate "2000.05.27"]
[EventType "swiss"]
[EventRounds "6"]
[EventCountry "ITA"]
[SourceTitle "Inf 04"]

1. e4 c5 2. Nf3 d6 3. d4 cxd4 4. Nxd4 Nf6 5. Nc3 a6 6. Bc4 e6 7. Bb3 Be7 8. f4 O-O 9. Qf3 Qc7 10. f5 e5 11. Nde2 Nbd7 12. g4 d5 13. g5 dxe4 14. Qh3 Ne8 15. g6 hxg6 16. fxg6 Ndf6 17. gxf7+ Rxf7 18. Bxf7+ Kxf7 19. Qg2 Bf5 20. Be3 Ng4 21. Nd5 Qa5+ 22. Nec3 Bh4+ 23. Ke2 Nxe3 24. Nxe3 Nd6 25. Rhf1 g6 26. Qh3 Rh8 27. Nxf5 gxf5 28. Rxf5+ Nxf5 29. Qxf5+ Bf6 30. Qd7+ Kf8 31. Qc8+ Qd8 32. Qxd8+ Bxd8 33. Rh1 Rh4 34. h3 Bb6 35. Nd5 Ba7 36. Nf6 Rf4 37. Ng4 Bb8 38. Ne3 Rf3 39. Ng2 Kg7 40. Ne3 Kh6 41. c4 Kh5 42. b4 Kh4 43. c5 Rf7 44. Nc4 Rd7 45. Rd1 Rd4 46. Rxd4 exd4 47. Nd6 e3 48. Nxb7 Kxh3 49. Na5 Kg2 50. Nc6 1-0

[Event "60.Camp. Veneto Quarti di Finale"]
[Site "Venezia"]
[Date "2000.05.28"]
[Round "2.4"]
[White "Gasparello, Alessandro"]
[Black "Pomaro, Stefano"]
[Result "1-0"]
[WhiteElo "1840"]
[BlackElo "1572"]
[Annotator "Gabriele Ballarin"]
[PlyCount "79"]
[EventDate "2000.05.27"]
[EventType "swiss"]
[EventRounds "6"]
[EventCountry "ITA"]
[SourceTitle "Inf 04"]

1. d4 Nf6 2. Nf3 c5 3. d5 e6 4. Nc3 b5 5. dxe6 fxe6 6. Bg5 Qa5 7. Qd2 b4 8. Bxf6 gxf6 9. Ne4 Qd8 10. Nd6+ Bxd6 11. Qxd6 Qe7 12. Qxe7+ Kxe7 13. e3 Bb7 14. Nd2 d5 15. f3 Nd7 16. Kf2 a5 17. Bb5 Nb6 18. Rhe1 a4 19. Bf1 Rhc8 20. c4 bxc3 21. bxc3 Ba6 22. Bxa6 Rxa6 23. Rab1 Kd6 24. a3 e5 25. Rb5 Rc6 26. Reb1 Nd7 27. Ke2 Rcb6 28. c4 Rxb5 29. Rxb5 Rb6 30. Ra5 Rb2 31. cxd5 Kxd5 32. Rxa4 c4 33. e4+ Kc5 34. Rxc4+ Kb5 35. Rc7 Nc5 36. Rxh7 Nb3 37. Rb7+ Ka4 38. Rxb3 Rxd2+ 39. Kxd2 Kxb3 40. h4 1-0

[Event "60.Camp. Veneto Quarti di Finale"]
[Site "Venezia"]
[Date "2000.05.28"]
[Round "2.5"]
[White "Ballarin, Gabriele"]
[Black "Roberti, Ignazio"]
[Result "1/2-1/2"]
[WhiteElo "1618"]
[BlackElo "1646"]
[Annotator "Gabriele Ballarin"]
[PlyCount "163"]
[EventDate "2000.05.27"]
[EventType "swiss"]
[EventRounds "6"]
[EventCountry "ITA"]
[SourceTitle "CBM 001"]
[Source "ChessBase"]
[SourceDate "2004.01.01"]
[SourceVersion "1"]
[SourceVersionDate "2004.01.01"]
[SourceQuality "1"]

1. e4 c5 2. Nc3 Nc6 3. f4 g6 4. Bc4 Bg7 5. Nf3 e6 6. f5 Nge7 7. fxe6 dxe6 8. d3 a6 9. a4 Qc7 10. Ne2 O-O 11. c3 Bd7 12. Bf4 e5 13. Bg5 h6 14. Bh4 g5 15. Bf2 Na5 16. Ba2 Rad8 17. Qc2 b5 18. axb5 axb5 19. O-O Bg4 20. Be3 Ng6 21. h3 Be6 22. Bxe6 fxe6 23. Ng3 Nf4 24. Rad1 Rd7 25. Rf2 Rfd8 26. Rfd2 Nb7 27. Qb3 Qc6 28. Qc2 Na5 29. Kh2 c4 30. d4 Nb3 31. Rf2 exd4 32. cxd4 Nxd4 33. Nxd4 Bxd4 34. Rxd4 Rxd4 35. Bxd4 Rxd4 36. b3 Rd3 37. bxc4 bxc4 38. Qb2 c3 39. Qb8+ Kh7 40. Nh5 Nxh5 41. Rf7+ Ng7 42. Qe5 Qd6 43. Rxg7+ Kh8 44. Qxd6 Rxd6 45. Rc7 Rd4 46. Rxc3 Rxe4 47. Rc7 Kg8 48. Re7 h5 49. Kg1 h4 50. Kf2 Kf8 51. Ra7 Rf4+ 52. Ke3 Rf7 53. Ra5 Rg7 54. Kf3 Ke7 55. Kg4 Kf6 56. Ra8 Rb7 57. Rf8+ Kg7 58. Re8 Kf6 59. Rf8+ Ke5 60. Kxg5 Rg7+ 61. Kxh4 Rxg2 62. Rf3 Ke4 63. Rg3 Rh2 64. Kg4 Kd4 65. Ra3 Rc2 66. h4 e5 67. h5 e4 68. h6 e3 69. Ra8 Rh2 70. Kg5 e2 71. Re8 Kd3 72. Kg6 Kd2 73. Rd8+ Kc2 74. Re8 Kd2 75. Rd8+ Kc2 76. Re8 Kd2 77. Rxe2+ Kxe2 78. h7 Ke3 79. Kg7 Ke4 80. Kg8 Kf5 81. h8=Q Rxh8+ 82. Kxh8 1/2-1/2

[Event "60.Camp. Veneto Quarti di Finale"]
[Site "Venezia"]
[Date "2000.05.28"]
[Round "3.1"]
[White "Ventura, Boris"]
[Black "Rosino, Antonio"]
[Result "1/2-1/2"]
[WhiteElo "2131"]
[BlackElo "2275"]
[Annotator "Antonio Rosino"]
[PlyCount "38"]
[EventDate "2000.05.27"]
[EventType "swiss"]
[EventRounds "6"]
[EventCountry "ITA"]

1. e4 e5 2. Nf3 Nc6 3. d4 exd4 4. c3 dxc3 5. Nxc3 Bb4 6. Bc4 d6 7. Qb3 Bxc3+ 8. bxc3 Qd7 9. Ng5 Nh6 10. Qc2 O-O (10... Ne5 11. Bb3 Qe7 12. f4 Nd7 13. Ba3 Nc5 14. Bxc5 dxc5 15. O-O-O f6 16. Nf3 Be6 (16... Bd7 17. Rxd7 Kxd7 18. Rd1+ Kc8 19. e5)) 11. O-O Qe7 12. f4 Na5 13. Bd3 f6 14. Nf3 Nf7 15. Ba3 Be6 16. e5 f5 17. Rfe1 g6 18. Nd4 Nd8 19. exd6 cxd6 1/2-1/2

[Event "60.Camp. Veneto Quarti di Finale"]
[Site "Venezia"]
[Date "2000.05.28"]
[Round "3.2"]
[White "Gasparello, Alessandro"]
[Black "Marson, Luca"]
[Result "1-0"]
[WhiteElo "1840"]
[BlackElo "1650"]
[Annotator "Gabriele Ballarin"]
[PlyCount "71"]
[EventDate "2000.05.27"]
[EventType "swiss"]
[EventRounds "6"]
[EventCountry "ITA"]
[SourceTitle "Inf 04"]

1. d4 Nf6 2. Nf3 d6 3. g3 g6 4. Bg2 Bg7 5. O-O O-O 6. c4 c5 7. d5 Na6 8. Nc3 Nc7 9. e4 Ng4 10. Bf4 Rb8 11. h3 Ne5 12. Nxe5 Bxe5 13. Bxe5 dxe5 14. f4 exf4 15. gxf4 b5 16. cxb5 Nxb5 17. Nxb5 Rxb5 18. Rf2 Qb6 19. b3 Ba6 20. Qf3 Rb4 21. Bf1 c4 22. bxc4 Bxc4 23. Bxc4 Rxc4 24. Kg2 Rfc8 25. Rd1 Rc3 26. Rd3 Rc1 27. e5 Qb1 28. Kg3 Rg1+ 29. Kh4 Kg7 30. d6 exd6 31. exd6 Rc5 32. Rd5 Rxd5 33. Qxd5 g5+ 34. fxg5 Qb4+ 35. Kh5 f6 36. Rxf6 1-0

[Event "60.Camp. Veneto Quarti di Finale"]
[Site "Venezia"]
[Date "2000.05.28"]
[Round "3.4"]
[White "Zotti, Enrico"]
[Black "Ballarin, Gabriele"]
[Result "1-0"]
[WhiteElo "1704"]
[BlackElo "1618"]
[Annotator "Gabriele Ballarin"]
[PlyCount "127"]
[EventDate "2000.05.27"]
[EventType "swiss"]
[EventRounds "6"]
[EventCountry "ITA"]
[SourceTitle "Ballarin Gabriele"]
[Source "Ballarin Gabrie"]
[SourceDate "2001.01.01"]
[SourceVersion "1"]
[SourceVersionDate "2001.01.01"]
[SourceQuality "1"]

1. e4 c5 2. Nf3 Nc6 3. d4 cxd4 4. Nxd4 e5 5. Nb5 a6 6. Nd6+ Bxd6 7. Qxd6 Qf6 8. Qxf6 Nxf6 9. Nc3 Nb4 10. Bd3 h6 11. a3 Nxd3+ 12. cxd3 d5 13. exd5 Bf5 14. O-O O-O-O 15. Be3 Nxd5 16. d4 Bd3 17. Rfc1 Nxe3 18. fxe3 exd4 19. exd4 Kb8 20. d5 Rd6 21. Rd1 Bg6 22. Re1 Rhd8 23. Re7 R8d7 24. Re8+ Ka7 25. Rae1 b5 26. b4 Bd3 27. R8e7 Kb7 28. Rxd7+ Rxd7 29. Kf2 Bc4 30. Rd1 Rd6 31. Ke3 Kc8 32. Kd4 Kd7 33. Kc5 Bb3 34. Rd2 f5 35. Rf2 Rf6 36. Rb2 Bc4 37. a4 g5 38. axb5 axb5 39. Nxb5 Bd3 40. Nc3 f4 41. b5 g4 42. b6 Kc8 43. Kd4 Ba6 44. Ke5 Rf8 45. d6 f3 46. gxf3 gxf3 47. Rf2 Kd7 48. Nd5 Re8+ 49. Ne7 Be2 50. Kd5 Rf8 51. Kc5 Ba6 52. Kd5 Bb7+ 53. Ke5 Ra8 54. Nf5 h5 55. Rc2 Bc8 56. b7 Bxb7 57. Rc7+ Kd8 58. Rxb7 f2 59. Rb1 Ra2 60. Rf1 Kd7 61. Ke4 Re2+ 62. Kf4 Ke6 63. Nd4+ Kxd6 64. Nxe2 1-0

[Event "60.Camp. Veneto Quarti di Finale"]
[Site "Venezia"]
[Date "2000.05.28"]
[Round "3.5"]
[White "Pomaro, Stefano"]
[Black "Roberti, Ignazio"]
[Result "1-0"]
[WhiteElo "1572"]
[BlackElo "1645"]
[Annotator "Gabriele Ballarin"]
[PlyCount "137"]
[EventDate "2000.05.27"]
[EventType "swiss"]
[EventRounds "6"]
[EventCountry "ITA"]
[SourceTitle "Inf 04"]

1. e4 c5 2. Nf3 a6 3. d4 cxd4 4. Nxd4 e5 5. Nf3 Nc6 6. Bc4 Be7 7. Qd5 Qa5+ 8. Qxa5 Nxa5 9. Nxe5 Nxc4 10. Nxc4 b5 11. Nb6 Rb8 12. Be3 Bf6 13. c3 Bb7 14. Bf4 Rd8 15. Nd2 d6 16. O-O Ne7 17. Rfe1 O-O 18. Rad1 Ng6 19. Bg3 Rfe8 20. Nd5 Bxd5 21. exd5 Be5 22. Nf3 f5 23. Bxe5 dxe5 24. g3 e4 25. Ng5 Ne5 26. Ne6 Nf3+ 27. Kf1 Nxh2+ 28. Ke2 Nf3 29. Rh1 Rd6 30. Rh5 g6 31. Rh6 Ne5 32. Rdh1 Rxd5 33. Nc7 Red8 34. Nxd5 Rxd5 35. Rxh7 Nf3 36. Rh8+ Kf7 37. R1h7+ Kf6 38. Rh1 Rd2+ 39. Ke3 Rd3+ 40. Ke2 Rd2+ 41. Ke3 Rxb2 42. g4 Ne5 43. gxf5 Ng4+ 44. Kf4 gxf5 45. Rf8+ Ke6 46. f3 Rf2 47. Rh3 e3 48. Rh1 e2 49. Re1 Nh2 50. Re8+ Kf6 51. Kg3 Rf1 52. R1xe2 Nxf3 53. Kg2 Rc1 54. Kxf3 Rxc3+ 55. R8e3 Rc6 56. Rd3 Rb6 57. Kf4 Rc6 58. Rd4 Kg6 59. Re5 Rf6 60. Rdd5 Rc6 61. Rxf5 Rc4+ 62. Ke5 Rc2 63. Rd6+ Kg7 64. Rxa6 Rc5+ 65. Kf4 Rc4+ 66. Kg5 Rc2 67. Ra7+ Kg8 68. Kg6 Rg2+ 69. Rg5 1-0

[Event "60.Camp. Veneto Quarti di Finale"]
[Site "Venezia"]
[Date "2000.06.03"]
[Round "4.1"]
[White "Rosino, Antonio"]
[Black "Gasparello, Alessandro"]
[Result "0-1"]
[WhiteElo "2275"]
[BlackElo "1842"]
[Annotator "Gabriele Ballarin"]
[PlyCount "104"]
[EventDate "2000.05.27"]
[EventType "swiss"]
[EventRounds "6"]
[EventCountry "ITA"]

1. e4 e6 2. d4 d5 3. Nc3 Bb4 4. e5 Qd7 5. Qg4 Bf8 6. Bd3 b6 7. Qe2 a5 8. Nf3 Ba6 9. O-O Bxd3 10. Qxd3 g6 11. a4 Na6 12. b3 Nb4 13. Qe2 Qc6 14. Bb2 Bh6 15. Ne1 Ne7 16. Ba3 O-O 17. Nb5 Qd7 18. Bxb4 axb4 19. Nd3 Nc6 20. Qe1 Qe7 21. c3 bxc3 22. Qxc3 Na5 23. f4 Rfc8 24. b4 Nb7 25. Rfc1 c6 26. Na3 Rxa4 27. Nb5 Rxa1 28. Qxa1 Qd7 29. Qc3 c5 30. Na7 Ra8 31. dxc5 bxc5 32. bxc5 Rxa7 33. c6 Qc7 34. cxb7 Qxb7 35. g4 Bf8 36. f5 Ra3 37. Qd4 Qb3 38. Nf4 gxf5 39. gxf5 Qe3+ 40. Qxe3 Rxe3 41. fxe6 fxe6 42. Nxe6 Rxe5 43. Nf4 d4 44. Kf2 Rf5 45. Kf3 Bd6 46. Rg1+ Kf8 47. Rg4 d3 48. Ke4 d2 49. Kxf5 d1=Q 50. Ne6+ Ke7 51. Rg7+ Ke8 52. Ng5 Qd5+ 0-1

[Event "60.Camp. Veneto Quarti di Finale"]
[Site "Venezia"]
[Date "2000.06.03"]
[Round "4.2"]
[White "Pomaro, Stefano"]
[Black "Ventura, Boris"]
[Result "0-1"]
[WhiteElo "1572"]
[BlackElo "2130"]
[Annotator "Gabriele Ballarin"]
[PlyCount "72"]
[EventDate "2000.05.27"]
[EventType "swiss"]
[EventRounds "6"]
[EventCountry "ITA"]
[SourceTitle "Inf 04"]

1. e4 c5 2. Nf3 e6 3. d3 d5 4. Nbd2 Nf6 5. g3 Nc6 6. Bg2 Be7 7. O-O O-O 8. Re1 Qc7 9. e5 Nd7 10. Qe2 b6 11. h4 Bb7 12. Nf1 Rae8 13. Bf4 Qd8 14. Bh3 b5 15. N1h2 Qb6 16. Ng4 Nd8 17. Ng5 Kh8 18. h5 Bxg5 19. Bxg5 f6 20. Bf4 Nf7 21. exf6 gxf6 22. Nh6 Qc6 23. Kh2 e5 24. Nxf7+ Rxf7 25. Qd2 Rfe7 26. Bh6 e4 27. Bf5 Ne5 28. Qf4 Nf3+ 29. Kg2 Nxe1+ 30. Rxe1 exd3 31. Rxe7 Rxe7 32. Qb8+ Re8 33. Qf4 d4+ 34. Kh3 Qh1+ 35. Kg4 Rg8+ 36. Bg6 Bc8+ 0-1

[Event "60.Camp. Veneto Quarti di Finale"]
[Site "Venezia"]
[Date "2000.06.03"]
[Round "4.3"]
[White "Zotti, Enrico"]
[Black "Cosma, Bruno"]
[Result "1-0"]
[WhiteElo "1700"]
[BlackElo "1542"]
[Annotator "Gabriele Ballarin"]
[PlyCount "81"]
[EventDate "2000.05.27"]
[EventType "swiss"]
[EventRounds "6"]
[EventCountry "ITA"]
[SourceTitle "Inf 04"]

1. e4 g6 2. d4 c6 3. Nf3 Bg7 4. Bd3 d6 5. O-O Nd7 6. Nbd2 e5 7. c3 Ngf6 8. Bc2 O-O 9. Nc4 Qc7 10. dxe5 dxe5 11. Nd6 Ne8 12. Nxc8 Rxc8 13. Be3 b6 14. Qe2 Nef6 15. Rad1 Nh5 16. g3 h6 17. Rd2 Rfd8 18. Rfd1 Nf8 19. Bb3 Nf6 20. Rxd8 Rxd8 21. Rxd8 Qxd8 22. Qc4 Qe7 23. Nh4 c5 24. f3 Ne6 25. a4 Ne8 26. Nxg6 fxg6 27. Qxe6+ Qxe6 28. Bxe6+ Kf8 29. f4 Ke7 30. Bd5 exf4 31. gxf4 Nf6 32. Bb7 Ng4 33. Bd2 Kd6 34. e5+ Kc7 35. Bf3 h5 36. Bxg4 hxg4 37. Kg2 Kd7 38. Kg3 g5 39. Kxg4 gxf4 40. Bxf4 Ke6 41. Kg5 1-0

[Event "60.Camp. Veneto Quarti di Finale"]
[Site "Venezia"]
[Date "2000.06.03"]
[Round "4.4"]
[White "Roberti, Ignazio"]
[Black "Marson, Luca"]
[Result "0-1"]
[WhiteElo "1645"]
[BlackElo "1650"]
[Annotator "Gabriele Ballarin"]
[PlyCount "80"]
[EventDate "2000.05.27"]
[EventType "swiss"]
[EventRounds "6"]
[EventCountry "ITA"]
[SourceTitle "Inf 04"]

1. e4 c5 2. Nf3 d6 3. d4 cxd4 4. Nxd4 Nf6 5. Nc3 a6 6. Bc4 e6 7. Bb3 b5 8. Qd3 Bb7 9. f3 Nbd7 10. Be3 Nc5 11. Qd2 Be7 12. O-O-O O-O 13. Rhg1 Nfd7 14. g4 Nxb3+ 15. Nxb3 Ne5 16. Qf2 Nc4 17. Bf4 Qc7 18. g5 Rfc8 19. Rd3 b4 20. Nd1 a5 21. Ne3 e5 22. Nxc4 Qxc4 23. Kb1 exf4 24. Nd4 g6 25. h4 Bf8 26. h5 Bg7 27. hxg6 hxg6 28. Rh1 a4 29. Rhd1 d5 30. b3 axb3 31. cxb3 Qc5 32. Qh2 dxe4 33. R3d2 Qe5 34. Rh1 exf3 35. Qf2 Be4+ 36. Ka1 Qxg5 37. Rg1 Qf6 38. Rf1 Rd8 39. Rfd1 Rd5 40. Kb2 Rad8 0-1

[Event "60.Camp. Veneto Quarti di Finale"]
[Site "Venezia"]
[Date "2000.06.03"]
[Round "4.5"]
[White "Ballarin, Gabriele"]
[Black "Lorenzini, Adriano"]
[Result "1-0"]
[WhiteElo "1618"]
[BlackElo "1600"]
[Annotator "Gabriele Ballarin"]
[PlyCount "35"]
[EventDate "2000.05.27"]
[EventType "swiss"]
[EventRounds "6"]
[EventCountry "ITA"]
[SourceTitle "CBM 001"]
[Source "ChessBase"]
[SourceDate "2004.01.01"]
[SourceVersion "1"]
[SourceVersionDate "2004.01.01"]
[SourceQuality "1"]

1. e4 d5 2. exd5 Qxd5 3. Nc3 Qa5 4. Bc4 Nf6 5. d4 c6 6. h3 Bf5 7. Nf3 e6 8. Bd2 Nbd7 9. Nh4 Qb4 10. Qe2 Bg6 11. Nxg6 hxg6 12. Nb5 Qxb2 13. Bc3 Qxa1+ 14. Bxa1 cxb5 15. Bxb5 Bb4+ 16. c3 Ba5 17. O-O O-O 18. Bxd7 1-0

[Event "60.Camp. Veneto Quarti di Finale"]
[Site "Venezia"]
[Date "2000.06.04"]
[Round "5.1"]
[White "Ventura, Boris"]
[Black "Gasparello, Alessandro"]
[Result "1/2-1/2"]
[WhiteElo "2130"]
[BlackElo "1840"]
[Annotator "Gabriele Ballarin"]
[PlyCount "76"]
[EventDate "2000.05.27"]
[EventType "swiss"]
[EventRounds "6"]
[EventCountry "ITA"]
[SourceTitle "Inf 04"]

1. e4 e6 2. d4 d5 3. Nc3 Bb4 4. Qg4 Nf6 5. Qxg7 Rg8 6. Qh6 Rg6 7. Qe3 dxe4 8. Nge2 Nc6 9. Bd2 e5 10. dxe5 Ng4 11. Qxe4 Nxf2 12. Kxf2 Qxd2 13. Qe3 Qxe3+ 14. Kxe3 Bc5+ 15. Kd2 Bf5 16. Nf4 O-O-O+ 17. Bd3 Rg4 18. g3 Nxe5 19. Rad1 Nxd3 20. cxd3 h5 21. Kc2 h4 22. Nce2 hxg3 23. hxg3 Bf2 24. Rhf1 Bxg3 25. Nh5 Rc4+ 26. Kb3 Rc5 27. Nhxg3 Be6+ 28. Kb4 Rc2 29. Nc1 Rd6 30. a4 Rb6+ 31. Ka3 Rbxb2 32. d4 Bd5 33. Rf5 c6 34. Nge2 Rxe2 35. Nxe2 Rxe2 36. Kb4 Rb2+ 37. Kc3 Rb3+ 38. Kc2 Rb4 1/2-1/2